Enterpreneurial finance : (Record no. 86508)

MARC details
000 -LEADER
fixed length control field 00804nam a22002537a 4500
005 - DATE AND TIME OF LATEST TRANSACTION
control field 20140827113543.0
010 ## - LCCN (DPL NO)
LC control number ENG-110659
020 ## - INTERNATIONAL STANDARD BOOK NUMBER
International Standard Book Number 9789339213084
Terms of availability 575.00
035 ## - SYSTEM CONTROL NUMBER
System control number EN-94191
037 ## - SOURCE OF ACQUISITION
Source of stock number/acquisition DBAD/PUB
082 ## - DEWEY DECIMAL CLASSIFICATION NUMBER
Classification number 658.15
100 ## - MAIN ENTRY--PERSONAL NAME
Personal name Rogers, Steven
245 ## - TITLE STATEMENT
Title Enterpreneurial finance :
Statement of responsibility, etc by Steven Rogers [and] Roza Makonnen
Remainder of title finance and business strategies for the serious entrepreneur /
250 ## - EDITION STATEMENT
Edition statement 3rd ed
260 ## - PUBLICATION, DISTRIBUTION, ETC. (IMPRINT)
Place of publication, distribution, etc New Delhi
Name of publisher, distributor, etc McGraw Hill Education
Date of publication, distribution, etc 2014
270 ## - ADDRESS
Address P-24, Green Park Extn.
City New Delhi
Postal code 110016
300 ## - PHYSICAL DESCRIPTION
Extent xix,323p.
Dimensions 23cm(pbk)
500 ## - GENERAL NOTE
General note Includes index
650 ## - SUBJECT ADDED ENTRY--TOPICAL TERM
Topical term or geographic name as entry element Business enterprises
General subdivision Finance
650 ## - SUBJECT ADDED ENTRY--TOPICAL TERM
Topical term or geographic name as entry element Business planning
650 ## - SUBJECT ADDED ENTRY--TOPICAL TERM
Topical term or geographic name as entry element Entrepreneurship
700 ## - ADDED ENTRY--PERSONAL NAME
Personal name Makonnen, Roza
942 ## - ADDED ENTRY ELEMENTS (KOHA)
Source of classification or shelving scheme Dewey Decimal Classification
Item type English Books
Call number suffix ROG
Classification part 658.15
Holdings
Withdrawn status Lost status Not for loan Collection code Home library Current library Date acquired Source of acquisition Cost, normal purchase price Full call number Barcode Copy number Cost, replacement price Koha item type
    Not For Loan Non-fiction D.B.Act.Division D.B.Act.Division 14/08/2014 DBAD/PUB 575.00 658.15 ROG EN-94191 1 575.00 English Books

© Delhi Public Library
Hit Counter
free hit counter